<?xml version="1.0" encoding="UTF-8"?>
<collection xmlns="http://www.loc.gov/MARC21/slim">
 <record>
  <leader>01847nam a22002417a 4500</leader>
  <controlfield tag="001">NCT_4_016539</controlfield>
  <controlfield tag="008">250116b        xxu||||| |||| 00| 0 vie d</controlfield>
  <datafield tag="999" ind1=" " ind2=" ">
   <subfield code="c">8789</subfield>
   <subfield code="d">8789</subfield>
  </datafield>
  <datafield tag="020" ind1=" " ind2=" ">
   <subfield code="a">9786049319419</subfield>
   <subfield code="c">149000</subfield>
  </datafield>
  <datafield tag="082" ind1="0" ind2="4">
   <subfield code="2">23rd ed.</subfield>
   <subfield code="a">658.4062</subfield>
   <subfield code="b">S844</subfield>
  </datafield>
  <datafield tag="100" ind1="1" ind2=" ">
   <subfield code="a">Stevens, Anthony</subfield>
  </datafield>
  <datafield tag="245" ind1="1" ind2="0">
   <subfield code="a">Nền tảng công nghệ : </subfield>
   <subfield code="b">Hướng đi mới dành cho doanh nghiệp trong thời đại 4.0 = Chasing digital : A playbook for the new economy</subfield>
   <subfield code="c">Anthony Stevens, Louis Strauss ; Hàn Dương (Dịch)</subfield>
  </datafield>
  <datafield tag="260" ind1=" " ind2=" ">
   <subfield code="a">H.</subfield>
   <subfield code="b">Công Thương ; Công ty Văn hoá và Truyền thông 1980 Books</subfield>
   <subfield code="c">2019</subfield>
  </datafield>
  <datafield tag="300" ind1=" " ind2=" ">
   <subfield code="a">347 tr.</subfield>
   <subfield code="b">Minh hoạ</subfield>
   <subfield code="c">20 cm</subfield>
  </datafield>
  <datafield tag="520" ind1="3" ind2=" ">
   <subfield code="a">Nội dung sách chia sẻ những kinh nghiệm cần thiết giúp cho các doanh nghiệp tồn tại và phát triển trong thời đại kỹ thuật số 4.0: những chiến lược thành công, thiết kế tổ chức, văn hoá, dữ liệu, nền tảng, hệ thống thông minh, quản lý đầu tư, xử lý rủi ro công nghệ, lời khuyên dành cho hội đồng quản trị và các giám đốc.</subfield>
  </datafield>
  <datafield tag="653" ind1=" " ind2=" ">
   <subfield code="a">Truyền thông đa phương tiện</subfield>
  </datafield>
  <datafield tag="700" ind1="1" ind2=" ">
   <subfield code="a">Strauss, Louis</subfield>
  </datafield>
  <datafield tag="700" ind1="1" ind2=" ">
   <subfield code="a">Hàn Dương</subfield>
   <subfield code="e">Dịch</subfield>
  </datafield>
  <datafield tag="942" ind1=" " ind2=" ">
   <subfield code="2">ddc</subfield>
   <subfield code="c">BK</subfield>
  </datafield>
  <datafield tag="952" ind1=" " ind2=" ">
   <subfield code="0">0</subfield>
   <subfield code="1">0</subfield>
   <subfield code="2">ddc</subfield>
   <subfield code="4">0</subfield>
   <subfield code="6">658_406200000000000_S844</subfield>
   <subfield code="7">0</subfield>
   <subfield code="9">30221</subfield>
   <subfield code="a">000001</subfield>
   <subfield code="b">000001</subfield>
   <subfield code="d">2025-01-20</subfield>
   <subfield code="o">658.4062 S844</subfield>
   <subfield code="p">MD.23357</subfield>
   <subfield code="r">2025-01-20</subfield>
   <subfield code="v">149000.00</subfield>
   <subfield code="w">2025-01-20</subfield>
   <subfield code="y">BK</subfield>
  </datafield>
  <datafield tag="952" ind1=" " ind2=" ">
   <subfield code="0">0</subfield>
   <subfield code="1">0</subfield>
   <subfield code="2">ddc</subfield>
   <subfield code="4">0</subfield>
   <subfield code="6">658_406200000000000_S844</subfield>
   <subfield code="7">0</subfield>
   <subfield code="9">30222</subfield>
   <subfield code="a">000001</subfield>
   <subfield code="b">000001</subfield>
   <subfield code="d">2025-01-20</subfield>
   <subfield code="o">658.4062 S844</subfield>
   <subfield code="p">MD.23358</subfield>
   <subfield code="r">2025-01-20</subfield>
   <subfield code="v">149000.00</subfield>
   <subfield code="w">2025-01-20</subfield>
   <subfield code="y">BK</subfield>
  </datafield>
  <datafield tag="952" ind1=" " ind2=" ">
   <subfield code="0">0</subfield>
   <subfield code="1">0</subfield>
   <subfield code="2">ddc</subfield>
   <subfield code="4">0</subfield>
   <subfield code="6">658_406200000000000_S844</subfield>
   <subfield code="7">0</subfield>
   <subfield code="9">30223</subfield>
   <subfield code="a">000001</subfield>
   <subfield code="b">000001</subfield>
   <subfield code="d">2025-01-20</subfield>
   <subfield code="o">658.4062 S844</subfield>
   <subfield code="p">MD.23359</subfield>
   <subfield code="r">2025-01-20</subfield>
   <subfield code="v">149000.00</subfield>
   <subfield code="w">2025-01-20</subfield>
   <subfield code="y">BK</subfield>
  </datafield>
  <datafield tag="980" ind1=" " ind2=" ">
   <subfield code="a">Thư viện Trường Đại học Nam Cần Thơ</subfield>
  </datafield>
 </record>
</collection>
